| 000 | 01248nam a2200361 i 4500 | ||
|---|---|---|---|
| 999 |
_c170169 _d170169 |
||
| 001 | vtls000690318 | ||
| 003 | PNM | ||
| 005 | 20181114110225.0 | ||
| 008 | 120920n xxka b 000 1 eng d | ||
| 020 |
_a9781409301394 _cRM10.81 |
||
| 039 | 9 |
_a201210251108 _bmanoriah _c201210240753 _dnoraini_y |
|
| 040 |
_aPNM _beng _cPNM _dPPAK _erda |
||
| 082 | 0 | 4 |
_a428.6 _222 |
| 090 | 1 | 0 |
_a428.6 _bMUR _dK |
| 100 | 1 |
_aMurray, W. _q(William), _d1912-1995 _eauthor. |
|
| 245 | 1 | 0 |
_aBooks are exciting / _cwritten by W. Murray ; illustrated by M. Aitchison and J.H. Wingfield |
| 264 | 1 |
_aLondon : _bLadybird, _c[date of publication not identified] |
|
| 300 |
_a51 pages : _bcolour illustrations ; _c18 cm |
||
| 336 |
_2rdacontent _atext |
||
| 337 |
_2rdamedia _aunmediated |
||
| 338 |
_2rdacarrier _avolume |
||
| 490 | 1 |
_aKey words with Peter and Jane. Series c ; _v11c |
|
| 500 | _aOriginally published: 1967 | ||
| 650 | 1 | 0 | _aReaders (Primary) |
| 700 | 1 |
_aAitchison, M., _eillustrator. |
|
| 700 | 1 |
_aWingfield, J. H., _eillustrator. |
|
| 830 | 0 |
_aKey words with Peter and Jane. Series c ; _v11c |
|
| 942 |
_2ddc _cB |
||
| 949 |
_61000838783 _e2029104 |
||
| 949 |
_61000838784 _e2029105 |
||
| 949 |
_61000838785 _e2029106 |
||
| 949 |
_61000838786 _e2029107 |
||